A guide to museum computing /

Bibliographic Details
Main Author: Williams, David W. (David Warren), 1957-
Format: Book
Language:English
Published: Nashville, Tenn. : American Association for State and Local History, [1987]
Subjects:

MARC

Tag First Indicator Second Indicator Subfields
LEADER 00000cam a2200000 a 4500
001 in00000007932
005 20151002070058.0
008 870805s1987 tnu b 00110 eng d
010 |a  87011420  
020 |a 0910050864 
035 |a (OCoLC)16391418 
035 |9 AAA0275AM 
040 |a UDH  |c UDH  |d UtOrBLW 
050 4 |a AM139  |b .W55 1987 
100 1 |a Williams, David W.  |q (David Warren),  |d 1957- 
245 1 2 |a A guide to museum computing /  |c David W. Williams. 
264 1 |a Nashville, Tenn. :  |b American Association for State and Local History,  |c [1987] 
264 4 |c ©1987 
300 |a ix, 181 pages ;  |c 28 cm. 
336 |a text  |b txt  |2 rdacontent 
337 |a unmediated  |b n  |2 rdamedia 
338 |a volume  |b nc  |2 rdacarrier 
504 |a Bibliography: pages 125-126. 
500 |a Includes index. 
650 0 |a Museums  |x Data processing. 
650 0 |a Computers  |v Handbooks, manuals, etc. 
650 0 |a Museum registration methods. 
650 0 |a Museums  |z United States  |x Data processing. 
999 |a MARS 
999 f f |s b2ccdec9-7e46-38f4-a063-f6817291621c  |i b0f9b92f-5547-3a60-a402-ce62efbc2fc9  |t 0 
952 f f |p ric  |a Texas A&M University  |b Rellis Campus  |c Joint Library Facility  |d Remote Storage  |t 0  |e AM139 .W55 1987  |h Library of Congress classification  |i unmediated -- volume  |m A14812583817 
998 f f |a AM139 .W55 1987  |t 0  |l Remote Storage